Associer définition et pays #1 Europe - Statistiques

Statistiques générales
  • Ce quiz a été pris 921 fois
  • Le résultat moyen est 15 sur 21
Statistiques - réponses
Hint Réponse % Correct
Où la paella est une institution, les corridas font débat, et où les après-midis s’étirent sous le soleil avec une sieste bien méritée. Espagne
87%
Terre de la bière des frites et du chocolat où les querelles linguistiques sont presque aussi importantes que l'amour des gaufres. Belgique
83%
Terre du thé à cinq heures, des gardes royaux impassibles, et d’un temps imprévisible où même le brouillard a son charme. Royaume-Uni
83%
Pays où chaque repas est un chef-d'œuvre où les gestes de la main sont un langage officiel et où mamma mia est une ponctuation essentielle. Italie
82%
Pays du chocolat des montres et du secret bancaire. Ici même les montagnes semblent organisées avec précision. Suisse
82%
État où le luxe est une religion, les yachts flottent comme des palais, et où chaque mètre carré est un trésor d’élégance. Monaco
80%
Pays des collines verdoyantes, des pubs chaleureux, de la Guinness, et où les légendes des lutins dansent sous les arcs-en-ciel. Irlande
79%
Plus petit pays du monde, où la foi règne, les gardes suisses veillent et où chaque rue respire l’histoire millénaire de la chrétienté. Vatican
79%
Terre du fado des pasteis de nata et des azulejos avec un horizon de surfeurs et de navigateurs intrépides. Portugal
78%
Immense pays où l’hiver est une saison éternelle et la vodka un remède universel Russie
78%
Île de feu et de glace où les geysers jaillissent, les volcans grondent et où les elfes trouvent encore leur place dans les cœurs des habitants. Islande
75%
Plat comme une crêpe avec plus de vélos que d'habitants et des moulins à vent qui font de l'ombre aux tulipes. Pays-Bas
73%
Terre des forêts infinies, des boulettes de viande, des ABBA et des meubles plats qui transforment les week-ends en casse-tête. Suède
72%
Où Dracula et les châteaux gothiques partagent les montagnes avec les troupeaux de moutons et où l’histoire a un goût épicé. Roumanie
68%
Pays où les fjords plongent dans des eaux glacées, où le saumon est une star culinaire et où les aurores boréales dansent dans le ciel. Norvège
65%
Pays où la musique classique est vivante les montagnes vous entourent et chaque habitant a probablement déjà porté une tenue de tyrolien. Autriche
63%
Où le hygge (cocooning) est un art de vivre les vélos ont la priorité et les Lego sont un trésor national. Danemark
53%
Pays des lacs cristallins, des forêts silencieuses, du sauna et où le silence est une vertu nationale. Finlande
49%
Petit pays où la richesse scintille, les banques prospèrent, et où les forêts sont un refuge de paix. Luxembourg
49%
Terre des forêts profondes, des pierogis savoureux, où Chopin est une fierté nationale et où l’histoire a forgé un peuple résilient. Pologne
47%
Lieu où les roses côtoient des monastères millénaires, où le yaourt est un art, et où les traditions dansent au son des voix mystiques. Bulgarie
45%
Aucun quiz correspondant
Distribution des résultats
% des personnes avec chaque résultat
Percentile par nombre de réponses
Votre historique - résultats
Vous n’avez pas pris ce quiz